Bản đồ tư duy quản trị = Atlas of management thinking

Sách đề cập đến vấn đề tư duy của bán cầu não phải và hoạt động giao tiếp của con người theo qua hệ thống bản đồ tư duy quản trị.

Na minha lista:
Detalhes bibliográficos
Autor principal: Bono, Edward De
Formato: Livro
Idioma:Undetermined
Publicado em: Hà Nội Thanh niên 2010
Assuntos:
Tags: Adicionar Tag
Sem tags, seja o primeiro a adicionar uma tag!
Thư viện lưu trữ: Trung tâm Học liệu Trường Đại học Cần Thơ
LEADER 00807nam a2200217Ia 4500
001 CTU_158508
008 210402s9999 xx 000 0 und d
020 |c 42000 
082 |a 658 
082 |b B719 
100 |a Bono, Edward De 
245 0 |a Bản đồ tư duy quản trị = 
245 0 |b Atlas of management thinking 
245 0 |c Edward De Bono ; Trần Ngọc Diệp dịch 
260 |a Hà Nội 
260 |b Thanh niên 
260 |c 2010 
520 |a Sách đề cập đến vấn đề tư duy của bán cầu não phải và hoạt động giao tiếp của con người theo qua hệ thống bản đồ tư duy quản trị. 
650 |a Management 
904 |i Bạch Trúc 
980 |a Trung tâm Học liệu Trường Đại học Cần Thơ